| 000 | 00936nam a22001935i 4500 | ||
|---|---|---|---|
| 001 | 153692 | ||
| 003 | ES-MaACL | ||
| 005 | 20230906205338.0 | ||
| 008 | 050926s1891 sp | |||||||| ||spa d | ||
| 040 |
_aCAM _bspa _cCAM |
||
| 110 | 2 |
_aEscuela de Artes y Oficios (Bilbao) _9134362 |
|
| 245 | 1 | 0 | _aMemoria relativa á los cursos de 1889 á 1890 y 1890 á 1891 leída por el Secretario de la Junta Directiva Gabriel Vilallonga en sesión pública celebrada para la repartición de premios en 4 de octubre de 1891. |
| 260 |
_aBilbao : _b[s.n.], _c1891 ( _fImprenta de la Casa de Misericordia) |
||
| 300 |
_a98, [2] p., [1] h. pleg. ; _c21 cm. |
||
| 594 | _aPrecede al tít.: Escuela de Artes y Oficios de Bilbao. | ||
| 610 | 2 | 4 |
_aEscuela de Artes y Oficios (Bilbao)- _vMemorias. _9153306 |
| 700 | 1 |
_aVilallonga, Gabriel. _9133718 |
|
| 852 |
_aES-MaACL _jT-567-F-6 _z-- Enc. hol., conservando la cub. original _z-- Enc. en un vol. facticio |
||
| 999 |
_c153692 _d153692 |
||